The master mariner : (Record no. 43081)

MARC details
000 -LEADER
fixed length control field 00843cpcaa2200253 4500
001 - CONTROL NUMBER
control field mm 81016634
003 - CONTROL NUMBER IDENTIFIER
control field DLC
005 - DATE AND TIME OF LATEST TRANSACTION
control field 20260227111707.0
008 - FIXED-LENGTH DATA ELEMENTS--GENERAL INFORMATION
fixed length control field 810423|||||||||||| eng
010 ## - LIBRARY OF CONGRESS CONTROL NUMBER
LC control number mm 81016634
040 ## - CATALOGING SOURCE
Original cataloging agency DLC
Transcribing agency DLC
Description conventions dacs
Modifying agency DLC
072 #7 - SUBJECT CATEGORY CODE
Subject category code C
Source lcmd
100 1# - MAIN ENTRY--PERSONAL NAME
Personal name Connolly, James B.,
Fuller form of name (James Brendan),
Dates associated with a name 1868-1957.
245 04 - TITLE STATEMENT
Title The master mariner :
Remainder of title the life and voyages of Amasa Delano :
Form typescript,
Inclusive dates 1942.
300 ## - PHYSICAL DESCRIPTION
Extent 1
Type of unit item.
300 ## - PHYSICAL DESCRIPTION
Extent 1
Type of unit container.
506 0# - RESTRICTIONS ON ACCESS NOTE
Terms governing access Open to research.
545 0# - BIOGRAPHICAL OR HISTORICAL DATA
Biographical or historical data Author.
546 ## - LANGUAGE NOTE
Language note Collection material in English.
600 10 - SUBJECT ADDED ENTRY--PERSONAL NAME
Personal name Delano, Amasa,
Dates associated with a name 1763-1823.
656 #7 - INDEX TERM--OCCUPATION
Occupation Authors.
Source of term itoamc

No items available.

Powered by Koha